000 01086cab a2200313 4500
001 ABS43733
008 090401t1990 xxu||||| |||| 00| 0 eng d
035 _a(Sirsi) u43258
041 _aeng
100 _aRoss, M.G.
245 _aMeasuring the plaintiff`s loss
260 _c1990
350 _a0
490 _aStructural Survey
_v9 (2) Autumn 1990 185-188(4)
520 _aDiscusses the questions to be considered in deciding the amount of compensation payable to the successful plaintiff in an action for negligence or breach of contract brought against a surveyor in the light of Bigg v Howard Son and Gooch (Abstract 42427) (1990 12 EG 11).
650 _aALAN R PULVER AND CO
650 _aDAMAGES
650 _aEXPENSES
650 _aFINANCIAL LOSS
650 _aMEASURE OF DAMAGES
650 _aPERRY V SIDNEY PHILLIPS AND SON
650 _aREPAIR WORK
650 _aSTEWARD V RAPLEY
650 _aSTRUCTURAL DEFECTS
650 _aValuation
_96273
690 _aMANAGEMENT-BUSINESS MANAGEMENT-PROFESSIONAL PRACTICE
942 _n0
948 _c04/03/1997
999 _c27649
_d27649